Elektrotechnický priemysel v Banskej Bystrici

Bibliographic Details
Main Authors: Kubaščík, Lubomír (Author), Podracký, Lubomír (Author)
Format: Article
Language:Slovak
ISSN:2585-9420
Subjects:

MARC

LEADER 00000nab a2200000 4500
001 vtls011914949
003 SK-MaSNL
005 20260304223504.0
008 200203|2014 xo qr p || |||| ||slo
015 |a SNBRA 2015  |2 svkbbbg 
038 |a SVKBBBG 
040 |a SVKBBBG  |b slo  |c SVKBBBG  |e rda 
041 0 |a slo 
043 |a e-xo--- 
044 |a xo  |c SK 
072 7 |a 621.3  |x Elektrotechnika  |2 konspekt 
080 |a 621.3:338.45  |2 2011 
080 |a (437.642)  |2 2011 
100 1 |a Kubaščík, Lubomír  |4 aut  |9 1228531 
245 1 0 |a Elektrotechnický priemysel v Banskej Bystrici  |c Lubomír Kubaščík, Peter Podracký 
336 |a text  |b txt  |2 rdacontent 
337 |a bez média  |b n  |2 rdamedia 
338 |a zväzok  |b nc  |2 rdacarrier 
610 2 7 |a Závody výpočtovej techniky (Banská Bystrica, Slovensko)  |2 SNKMA  |9 35483 
650 0 7 |a elektrotechnický priemysel  |2 SNKPH  |9 75359 
651 7 |a Banská Bystrica (Slovensko)  |2 SNKPHgeo  |9 22015 
700 1 |a Podracký, Lubomír  |4 aut  |9 1557628 
773 0 |t Bystrický Permon  |d Roč. XII., č. 1 (2015)  |g S. 1-2  |x 2585-9420 
852 |a SVKBB  |b KIS3GCP 
958 |a NB 
958 |a PM 
999 |c 3168113  |d 3170043